[Event "St Ingbert op"]
[Site "St Ingbert"]
[Date "1988.??.??"]
[Round "5"]
[White "Gaertner, Lothar"]
[Black "De Vito, Flevo"]
[Result "1-0"]
[WhiteElo "1512"]
[BlackElo "1700"]
[PlyCount "53"]
[EventDate "1988.08.20"]
[EventType "swiss"]
[EventRounds "9"]
[EventCountry "GER"]
[SourceTitle "EXT 2002"]
[Source "ChessBase"]
[SourceDate "2001.11.25"]
[SourceVersion "1"]
[SourceVersionDate "2001.11.25"]
[SourceQuality "1"]

1. e4 c5 2. Nf3 Nc6 3. d4 cxd4 4. Nxd4 Nf6 5. Nc3 e6 6. Bf4 Nxe4 7. Nxe4 Nxd4 8. Qxd4 Qa5+ 9. c3 d5 10. Nd6+ Ke7 11. Bd3 f6 12. 0-0 e5 13. Bxe5 fxe5 14. Qxe5+ Kd7 15. Bb5+ Kd8 16. Qe8+ Kc7 17. Nf7 Kb6 18. Nxh8 Qxb5 19. Qxf8 Qd7 20. Rfe1 Qf5 21. Nf7 Kc6 22. Qd6+ Kb5 23. a4+ Kc4 24. Ne5+ Kb3 25. Qxd5+ Kxb2 26. Ra2+ Kxc3 27. Qc4# 1-0